00408cam a2200157ua 45000010005000000080039000050400009000440820013000531000019000662450056000852500009001412600032001503000016001826530018001986530034002164037111213n ii |||gr||||Z||||||asm cMAIN a891.45111 aSaikia, Nagen,11aAdunik asamiya kabita manjariced. by Nagen Saikia  a2nd. aGuwahati:bBani Mandir,987. a76p:c23cm. aAssamese poem aAdunik asamiya kabita manjari